Beyond revenge : (Record no. 24605)
[ view plain ]
| 000 -LEADER | |
|---|---|
| fixed length control field | 01238nam a2200229 a 4500 |
| 003 - CONTROL NUMBER IDENTIFIER | |
| control field | PILC |
| 005 - DATE AND TIME OF LATEST TRANSACTION | |
| control field | 20160204142104.0 |
| 008 - FIXED-LENGTH DATA ELEMENTS--GENERAL INFORMATION | |
| fixed length control field | 111011s19uu xx 00 eng d |
| 010 ## - LIBRARY OF CONGRESS CONTROL NUMBER | |
| LC control number | 2007050225 |
| 020 ## - INTERNATIONAL STANDARD BOOK NUMBER | |
| International Standard Book Number | 9780787977566 |
| 050 ## - LIBRARY OF CONGRESS CALL NUMBER | |
| Classification number | BF 637.R48 |
| Item number | .M43 2008 |
| 100 ## - MAIN ENTRY--PERSONAL NAME | |
| Personal name | McCullough, Michael E. |
| 245 ## - TITLE STATEMENT | |
| Title | Beyond revenge : |
| Remainder of title | the evolution of the forgiveness instinct / |
| Statement of responsibility, etc | Michael E. McCullough. |
| 260 ## - PUBLICATION, DISTRIBUTION, ETC. (IMPRINT) | |
| Place of publication, distribution, etc | San Francisco, CA : |
| Name of publisher, distributor, etc | Jossey-Bass, |
| Date of publication, distribution, etc | 2008. |
| 300 ## - PHYSICAL DESCRIPTION | |
| Extent | 298 pages ; |
| Dimensions | 24 cm. |
| 500 ## - GENERAL NOTE | |
| General note | Includes bibliographical references and index. |
| 520 ## - SUMMARY, ETC. | |
| Summary, etc | Contents: Introduction: Three simple truths about revenge and forgiveness -- Putting vengeance and forgiveness back into human nature -- Revenge is a problem : counting the costs -- Revenge is a solution : three evolutionary hypotheses -- The retribution solution : the evidence for adaptation -- Family, friendship, and the functions of forgiveness -- The forgiveness instinct -- The forgiving brain -- To promote and to maintain friendly relations : making forgiveness happen -- From neurons to nations -- Divine forgiveness and righteous revenge -- Homo ignoscens. |
| 650 ## - SUBJECT ADDED ENTRY--TOPICAL TERM | |
| Topical term or geographic name as entry element | Revenge. |
| 650 ## - SUBJECT ADDED ENTRY--TOPICAL TERM | |
| Topical term or geographic name as entry element | Forgiveness. |
| 942 ## - ADDED ENTRY ELEMENTS (KOHA) | |
| Koha item type | Books |
| Source of classification or shelving scheme | Library of Congress Classification |
| Call number prefix | Foreign |
| Withdrawn status | Lost status | Source of classification or shelving scheme | Damaged status | Home library | Current library | Shelving location | Date acquired | Source of acquisition | Cost, normal purchase price | Total Checkouts | Full call number | Barcode | Date last seen | Date checked out | Copy number | Price effective from | Koha item type |
|---|---|---|---|---|---|---|---|---|---|---|---|---|---|---|---|---|---|
| Library of Congress Classification | College Library | College Library | General Circulation Section | 10/11/2011 | Library Fund | 1647.00 | 1 | BF 637.R48 .M43 2008 | C12837 | 04/12/2019 | 04/08/2019 | 1 | 10/18/2013 | Books |